| 000 | 00552nam a2200193Ii 4500 | ||
|---|---|---|---|
| 003 | JO-AjNU | ||
| 008 | 230606s9999||||xx |||||||||||||| ||und|| | ||
| 020 | _a81-89911-12-6 | ||
| 040 |
_aJO-AjNU _beng _erda _cJO-AjNU |
||
| 041 | _aeng | ||
| 050 | 1 | 4 | _aPE1591.2012 |
| 100 | 3 |
_aBright,Mark, _eauthor _92996 |
|
| 245 | 0 | 0 | _aDictionary Synonyms and Antonyms |
| 264 | 3 | 1 | _aNew Delih(India): Academic India Publishers, 2012 |
| 300 | _a448p | ||
| 336 |
_atext _btxt _2rdacontent |
||
| 337 |
_aunmediated _bn _2rdamedia |
||
| 338 |
_avolume _bnc _2rdacarrier |
||
| 999 |
_aE1571 _c1571 _d1571 |
||